Estatutos acordados por S.E.I. el Dr. D. Joaquín Lluch y Garriga para la organización del Instituto Catalán de Artesanos y Obreros
Descripción Física:
1 full ; 31 cm
Otros Autores:
Lluch y Garriga, Joaquin
MARC
| LEADER | 00000nam a2200000Ia 4500 | ||
|---|---|---|---|
| 001 | 16256 | ||
| 008 | 160829s1876 xx 000 0 cat d | ||
| 080 | |a 2103, exp. 2 | ||
| 100 | |a Església Catòlica. Diòcesi de Barcelona. Bisbe (1874-1877 : Lluch) |9 48222 | ||
| 245 | |a Estatutos acordados por S.E.I. el Dr. D. Joaquín Lluch y Garriga para la organización del Instituto Catalán de Artesanos y Obreros | ||
| 260 | |a Barcelona : |b [s.n.], |c 1876 | ||
| 300 | |a 1 full ; |c 31 cm | ||
| 650 | |a Instituto Catalán de Artesanos y Obreros |x Estatuts |9 48223 | ||
| 700 | |a Lluch y Garriga, Joaquin |9 47568 | ||
| 901 | |a Arxiu | ||
| 942 | |n 1 | ||
| 952 | |0 0 |1 0 |4 0 |6 2103_EXP_2 |7 1 |9 54405 |a Arxiu |b Arxiu |d 2016-12-01 |l 0 |o 2103, exp. 2 |p 16256 |r 2016-12-01 00:00:00 |w 2016-12-01 |y ARXIU | ||
| 999 | |c 58274 |d 58274 | ||